Environment Agency v R Newcomb & Sons Ltd and another (Record no. 71491)

MARC details
000 -LEADER
fixed length control field 01358cam a2200229 4500
001 - CONTROL NUMBER
control field ABS66048
008 - FIXED-LENGTH DATA ELEMENTS--GENERAL INFORMATION
fixed length control field 021101n2002 000 0 eng u
035 ## - SYSTEM CONTROL NUMBER
System control number (Sirsi) u120330
245 ## - TITLE STATEMENT
Title Environment Agency v R Newcomb & Sons Ltd and another
260 ## - PUBLICATION, DISTRIBUTION, ETC.
Date of publication, distribution, etc. 2002
490 ## - SERIES STATEMENT
Series statement Estates Gazette
Volume/sequential designation [2002] 43 EG 205 (CS) (26/10/02);
490 ## - SERIES STATEMENT
Series statement High Court (Administrative Court)
Volume/sequential designation [2002] EWHC 2095 (Admin)
520 ## - SUMMARY, ETC.
Summary, etc. QBD, 16 October 2002. Appellant (E) brought criminal charges against respondents (R) under the Environmental Protection Act 1990 s33 for depositing controlled waste without a waste management licence. It was held that the amount of waste on each deposit was within the 5% tolerance suggested by E's letter to R, which drew attention to the Schedule 3 exemptions in the Waste Management Licensing Regulations 1994, and R was acquitted. E appealed. "Held": appeal allowed on the grounds that attention should have been paid to the contents of every skip rather than treating the exemption as applying to 95% of the total waste deposited.
590 ## - LOCAL NOTE (RLIN)
Local note ABS
650 ## - SUBJECT ADDED ENTRY--TOPICAL TERM
Topical term or geographic name entry element ENVIRONMENT AGENCY V R NEWCOMB & SONS
650 ## - SUBJECT ADDED ENTRY--TOPICAL TERM
Topical term or geographic name entry element ENVIRONMENTAL PROTECTION ACT 1990 S33
650 ## - SUBJECT ADDED ENTRY--TOPICAL TERM
Topical term or geographic name entry element WASTE MANAGEMENT LICENSING REGULATIONS 1994
650 ## - SUBJECT ADDED ENTRY--TOPICAL TERM
Topical term or geographic name entry element WASTE DISPOSAL
650 ## - SUBJECT ADDED ENTRY--TOPICAL TERM
Topical term or geographic name entry element CONTROLLED WASTE
690 ## - LOCAL SUBJECT ADDED ENTRY--TOPICAL TERM (OCLC, RLIN)
Topical term or geographic name as entry element ENVIRONMENT-CASE LAW
942 ## - ADDED ENTRY ELEMENTS (KOHA)
Suppress in OPAC 0
Holdings
Withdrawn status Lost status Source of classification or shelving scheme Damaged status Not for loan Home library Current library Shelving location Date acquired Total Checkouts Full call number Barcode Date last seen Copy number Price effective from Koha item type
    Dewey Decimal Classification     London London Journal article 01/11/2002   ABS66048 120330-1001 06/08/2019 1 06/08/2019 Law report